| 000 | 00975nam0a22002411i 4500 | ||
|---|---|---|---|
| 001 | rc\974926 | ||
| 005 | 20240726075647.0 | ||
| 035 | _a(NLR Aleph) 006143681 | ||
| 090 |
_a5688821 _c5688821 |
||
| 100 | _a20041129d1982 u |0rusy50 ca | ||
| 101 | 0 | _arus | |
| 102 | _aRU | ||
| 105 | _aa ||||||||| | ||
| 200 | 1 |
_aСоциально-психологические проблемы коллегиального управления _e(Опыт разраб. концепции и ее эксперим. проверка) _eАвтореф. дис. на соиск. учен. степ. канд. психол. наук _e(19.00.05) |
|
| 210 |
_aЛ. _d1982 |
||
| 215 |
_a23 с. _cсхем. |
||
| 300 | _aВ надзаг.: ЛГУ им. А.А. Жданова | ||
| 320 | _aБиблиогр.: с. 22-23 (12 назв.) | ||
| 700 | 1 |
_aМярья _bТ.Ю. _gТальви Юлиусовна |
|
| 801 | 0 |
_aRU _bNLR _gpsbo |
|
| 801 | 1 |
_aRU _bELAR _2rusmarc |
|
| 852 |
_aNLR _j83-4/24906 |
||
| 942 | _cBOOK | ||